A physika a positiv philosophia rendszerében
Elmentve itt :
| Szerző: | |
|---|---|
| Adatforrás: | Philobibl |
| Forrásdokumentuma: | Magyar Philosophiai Szemle/6. évf 1887., 337-353. p. |
| Dokumentumtípus: | Cikk |
| Nyelv: | magyar |
| LEADER | 00455nab a2200109 c 4500 | ||
|---|---|---|---|
| 001 | bibDOK00010807 | ||
| 005 | 20200924120628.6 | ||
| 008 | 060518s1887 hu hun | ||
| 100 | 1 | |a Ráth Arnold | |
| 245 | 1 | 2 | |a A physika a positiv philosophia rendszerében |c Ráth Arnold |
| 500 | |a Sorozat előző része:csillagászat: 6. évf. 1887. 266-304. pp., Sorozat következő része: chemia: 7. évf. 1888. 8-19. pp. | ||
| 773 | 0 | |t Magyar Philosophiai Szemle/6. évf |g 1887., 337-353. p. | |